| 000 | 00443nam a2200181Ia 4500 | ||
|---|---|---|---|
| 003 | OSt | ||
| 005 | 20221121104512.0 | ||
| 008 | 210210b1939 xxu||||| |||| 00| 0 eng d | ||
| 040 | _cAL | ||
| 041 | _aeng | ||
| 082 | _a334/66 | ||
| 100 |
_aTHOMAS (P J) _962868 |
||
| 245 | _aGrowth of federal finance in India | ||
| 260 |
_aBombay _bOxford University Press _c1939 |
||
| 690 |
_aPublic Finance _962869 |
||
| 906 | _a004330 | ||
| 942 |
_2ddc _cBK |
||
| 999 |
_c124385 _d124385 |
||